00909 2200301 4500001002100000005001500021035002000036007000300056008004100059020002200100082001600122084001800138100004700156245006500203250003100268300004700299650002200346504003300368264003200401336002100433337003000454338002300484040002200507090002200529850001200551999002200563990002200585INLIS00000000086782620220210013326 a0010-0222000293ta220210s2021 yoia g | ind d a978-623-02-2852-004223a631.584 a631.584 IGN e0 aIgnatius Suprih Sudrajatd1962-ePengarang10aEfisiensi usahatani padi organik /cIgnatius Suprih Sudrajat aCetakan pertama : Mei 2021 axvi, 232 halaman :btabel, gambar ;c23 cm 4aPertanian organik aBibliografi: halaman 205-23131aSleman :bDeepublish,c2021 2rdacontentateks 2rdamediaatanpa perantara 2rdacarrieravolume aYOPDYOGbinderda aCB-D.11 2021-1518 aYOPDYOG aCB-D.11/2021-1518 aCB-D.11/2021-1518